000
00401nam a2200145Ia 4500
008
230917s9999||||xx |||||||||||||| ||und||
040
_e
177548
_a
MAIN
041
_a
English
082
_a
891.43275 GV959H
100
_a
गुप्त, विपिन
245
0
_a
हिन्दी नाटकः समसामयिक परिवेश
260
_c
1998
300
_a
248 p.
942
_c
TH
999
_c
87868
_d
87868